| 000 | 00372nam a22001577a 4500 | ||
|---|---|---|---|
| 005 | 20240118165442.0 | ||
| 008 | 240118b |||||||| |||| 00| 0 eng d | ||
| 020 | _a9789387253704 | ||
| 041 | _aeng | ||
| 100 |
_aDUBEY, CHANDAN _98403 |
||
| 245 | _aGOODS AND SERVICES TAX[GST] | ||
| 260 |
_bKITAB MAHAL _aALLAHABAD _c2019 |
||
| 300 | _a317;P | ||
| 650 | _aLAW | ||
| 942 | _cBK | ||
| 999 |
_c8490 _d8488 |
||